Forensic Biology Quiz - Statistics

General Stats
  • This quiz has been taken 5 times
  • The average score is 5 of 15
Answer Stats
Hint Answer % Correct
This flying insect is often the first to arrive at a body and can provide useful information. Blowfly
80%
These ridged patterns are unique to every individual, including identical twins. Fingerprints
80%
A fundamental concept in forensics is that every contact leaves a what? Trace
80%
Profiling this molecule can identify someone and provide their sex. DNA
60%
Which oral structures can be used to identify someone who is disfigured? Teeth
60%
Forensic ______ uses plants to assist criminal investigation. Botany
40%
Forensic ________ studies fungi in criminal investigations. Mycology
40%
This term describes the hardening of the muscles after death. Rigor mortis
40%
Letters containing spores of this bacteria were mailed in a 2001 bioterrorism attack Bacillus anthracis
20%
The pattern of blood vessels in this eye structure can identify someone. Retina
20%
This infamous serial killer was identified by teeth marks on his victims. Theodore Bundy
20%
This toxin is found in the venom of cone snails. Conotoxin
0%
These microscopic algae are often found in the lungs of drowning victims. Diatoms
0%
These facilities study post-mortem decomposition using donated cadavers. Human Taphonomy Facilities
0%
Palynology is the study of what, useful in criminal investigations? Pollen
0%
No matching quizzes found
Score Distribution
Percent of People with Each Score
Percentile by Number Answered
Your Score History
You have not taken this quiz